| 000 | 00477cam a2200181ua 4500 | ||
|---|---|---|---|
| 020 | _c2.25 | ||
| 041 |
_ahin _h |
||
| 082 |
_a891.54 _bPUR/KA |
||
| 100 | _aPurushotham chandra, Vajpey . | ||
| 245 |
_aKabir aur jayasi ka mulyankan / _cPurushotham chandra vajpey. _hTextual Documents |
||
| 250 |
_a2 / _b. |
||
| 260 |
_aVaranasi : _bHindi Pracharak Pusthakalayam , _c1961. |
||
| 300 | _a99 ; . | ||
| 365 | _a2.25 | ||
| 504 | _a | ||
| 942 | _cBK | ||
| 999 |
_c8406 _d8406 |
||